• Universidad de Barcelona (España)

di Corporate Name

Records bibliografici associati: 2

001 - CONTROL NUMBER

  • control field: 17434

003 - CONTROL NUMBER IDENTIFIER

  • control field: IT-RoINE

005 - DATE AND TIME OF LATEST TRANSACTION

  • control field: 20200423130153.0

008 - FIXED-LENGTH DATA ELEMENTS

  • fixed length control field: 150317|| aca||aabn | a|a d

040 ## - CATALOGING SOURCE

  • Original cataloging agency: IT-RoINE
  • Transcribing agency: IT-RoINE

110 ## - HEADING--CORPORATE NAME

  • Corporate name or jurisdiction name as entry element: Universidad de Barcelona (España)
  • General subdivision: Historia

670 ## - SOURCE DATA FOUND

  • Source citation: Work cat.: (IT-RoINE)0: Arqués, Josep, 1945- 17433, Cinc estudis històrics sobre la Universitat de Barcelona, (1875-1985) /, 1985.